Thử tìm hiểu tâm sự Nguyễn Du qua truyện Kiều

Guardado en:
Detalles Bibliográficos
Autor principal: Ngô Quốc Quýnh
Formato: Libro
Lenguaje:Undetermined
Publicado: H. KHXH 2004
Materias:
Etiquetas: Agregar Etiqueta
Sin Etiquetas, Sea el primero en etiquetar este registro!
Thư viện lưu trữ: Trung tâm Học liệu Trường Đại học Cần Thơ
LEADER 00578nam a2200205Ia 4500
001 CTU_60215
008 210402s9999 xx 000 0 und d
020 |b 23000 
082 |a 895.922109 
082 |b Qu609 
100 |a Ngô Quốc Quýnh 
245 0 |a Thử tìm hiểu tâm sự Nguyễn Du qua truyện Kiều 
245 0 |c Ngô Quốc Quýnh 
260 |a H. 
260 |b KHXH 
260 |c 2004 
650 |a vietnamesse poetry 
650 |x history and criticism 
904 |i Minh 
980 |a Trung tâm Học liệu Trường Đại học Cần Thơ